| 000 | 00618nam a22001697a 4500 | ||
|---|---|---|---|
| 003 | OSt | ||
| 005 | 20220107122808.0 | ||
| 008 | 160229b xxu||||| |||| 00| 0 eng d | ||
| 040 | _c | ||
| 100 |
_aShashin Shekhar Chourasia _98259 |
||
| 245 | _aProject report on ERP solution for Bangalore electricity supply company ltd, Bangalore, Karnataka state | ||
| 300 | _aPGDEG | ||
| 502 |
_bPost Graduate Diploma in e- Governance _c2014-2015 _dEXT _eAjithKumar.R _fPrasad Unnikrishnan (Associate Director) _g"KPMG, Bangalore" |
||
| 650 |
_aE-GOVERNANCE _98260 |
||
| 650 |
_aENTERPRISE RESOURCE PLANNING _98261 |
||
| 942 |
_2ddc _cPR |
||
| 999 |
_c4924 _d4924 |
||